000 004450000a22001690004500
003 MACL
005 20151227123254.0
008 151227b xxu||||| |||| 00| 0 eng d
040 _aMACL
_cmacl
041 _aEnglish
082 _a016.737/SIN
100 _aSinghal, C R
_923078
245 _aBibliography of Indian Coins
260 _bThe Numismatic Society of India
_c1950
_aBombay
650 _aBibliograPhy
_915346
942 _cBK
_k010/Sin
_2ddc
999 _c35580
_d35580